000 00495nam a2200181Ia 4500
999 _c25412
_d25412
003 OSt
005 20201223124824.0
008 190216s9999||||xx |||||||||||||| ||und||
020 _a894.8128
040 _coclc
082 _a894.8128
_bBHA/K
100 _aBhaskaran,T
_97814
245 0 _aKrishnagathapadhanagal /
_c T Bhaskaran
260 _bNational books,
_aKottayam:
300 _a122p
650 _aPadanam
942 _cBK
_2ddc
_h894.8128
_iBHA/K
_k894.8128
_mBHA/K